Séchage: Des processus physiques aux procédés industriels

সংরক্ষণ করুন:
গ্রন্থ-পঞ্জীর বিবরন
প্রধান লেখক: Jean-Pierre Nadeau
বিন্যাস: গ্রন্থ
ভাষা:Undetermined
প্রকাশিত: Paris TechDoc - Lavoisier 1995
বিষয়গুলি:
ট্যাগগুলো: ট্যাগ যুক্ত করুন
কোনো ট্যাগ নেই, প্রথমজন হিসাবে ট্যাগ করুন!
Thư viện lưu trữ: Trung tâm Học liệu Trường Đại học Cần Thơ
LEADER 00567nam a2200181Ia 4500
001 CTU_56411
008 210402s9999 xx 000 0 und d
082 |a 621.4 
082 |b N318 
100 |a Jean-Pierre Nadeau 
245 0 |a Séchage: Des processus physiques aux procédés industriels 
245 0 |c Jean-Pierre Nadeau et Jean-Rodolphe Puiggali 
260 |a Paris 
260 |b TechDoc - Lavoisier 
260 |c 1995 
650 |a food,heat engineering 
650 |x drying,equipments and supplies 
980 |a Trung tâm Học liệu Trường Đại học Cần Thơ